The Qur'an. (5th ed.) (Record no. 55530)

MARC details
000 -LEADER
fixed length control field 00561nam a2200169 a 4500
008 - FIXED-LENGTH DATA ELEMENTS--GENERAL INFORMATION
fixed length control field 120416s1988 ||||||||||||||||| || u
020 ## - INTERNATIONAL STANDARD BOOK NUMBER
International Standard Book Number 0940368188
050 ## - LIBRARY OF CONGRESS CALL NUMBER
Classification number BP 109 Kor
100 ## - MAIN ENTRY--PERSONAL NAME
Personal name Shakir, H. M
245 10 - TITLE STATEMENT
Title The Qur'an. (5th ed.)
Statement of responsibility, etc. translated by H.M. Shakir
250 ## - EDITION STATEMENT
Edition statement 5th ed.
260 ## - PUBLICATION, DISTRIBUTION, ETC.
Place of publication, distribution, etc. New York:
Name of publisher, distributor, etc. Tahrike Tarsile Qur'an
Date of publication, distribution, etc. 1988
300 ## - PHYSICAL DESCRIPTION
Extent xxxiii, 424p.
350 ## - PRICE (NR) (BK AM CF MU VM SE) [OBSOLETE]
Price 0.00
650 ## - SUBJECT ADDED ENTRY--TOPICAL TERM
Topical term or geographic name entry element ISLAM
995 ## - RECOMMENDATION 995 [LOCAL, UNIMARC FRANCE]
-- 0.00
-- CBU-MAIN LIBRARY (Kitwe)
-- 1
-- 3.95
-- 1
-- DAMAGED
-- Main Library Open Access Collection
Holdings
Withdrawn status Lost status Source of classification or shelving scheme Damaged status Not for loan Home library Current library Shelving location Date acquired Total Checkouts Full call number Barcode Date last seen Price effective from Koha item type
          CBU-MAIN LIBRARY, KITWE. CBU-MAIN LIBRARY, KITWE.   11/30/2022   BP 109 Kor 722011 11/30/2022 11/30/2022 MONOGRAPH